<?xml version="1.0" encoding="UTF-8"?><?xml-stylesheet type="text/xsl" href="static/style.xsl"?><OAI-PMH xmlns="http://www.openarchives.org/OAI/2.0/" xmlns:xsi="http://www.w3.org/2001/XMLSchema-instance" xsi:schemaLocation="http://www.openarchives.org/OAI/2.0/ http://www.openarchives.org/OAI/2.0/OAI-PMH.xsd"><responseDate>2026-06-02T21:35:03Z</responseDate><request verb="GetRecord" identifier="oai:riuma.uma.es:10630/10340" metadataPrefix="marc">https://riuma.uma.es/rest/oai/request</request><GetRecord><record><header><identifier>oai:riuma.uma.es:10630/10340</identifier><datestamp>2026-02-03T10:18:01Z</datestamp><setSpec>com_10630_1685</setSpec><setSpec>col_10630_38085</setSpec></header><metadata><record xmlns="http://www.loc.gov/MARC21/slim" xmlns:dcterms="http://purl.org/dc/terms/" xmlns:doc="http://www.lyncode.com/xoai" xmlns:xsi="http://www.w3.org/2001/XMLSchema-instance" xsi:schemaLocation="http://www.loc.gov/MARC21/slim http://www.loc.gov/standards/marcxml/schema/MARC21slim.xsd">
   <leader>00925njm 22002777a 4500</leader>
   <datafield ind2=" " ind1=" " tag="042">
      <subfield code="a">dc</subfield>
   </datafield>
   <datafield ind2=" " ind1=" " tag="720">
      <subfield code="a">López-Toro, Alberto Antonio</subfield>
      <subfield code="e">author</subfield>
   </datafield>
   <datafield ind2=" " ind1=" " tag="720">
      <subfield code="a">Sarriá-Lozano, Enrique</subfield>
      <subfield code="e">author</subfield>
   </datafield>
   <datafield ind2=" " ind1=" " tag="720">
      <subfield code="a">Cruz-Morato, Marco Antonio</subfield>
      <subfield code="e">author</subfield>
   </datafield>
   <datafield ind2=" " ind1=" " tag="720">
      <subfield code="a">Ruiz de Alba, José Luis</subfield>
      <subfield code="e">author</subfield>
   </datafield>
   <datafield ind2=" " ind1=" " tag="260">
      <subfield code="c">2015-09-29</subfield>
   </datafield>
   <datafield ind2=" " ind1=" " tag="520">
      <subfield code="a">En el video se expone el estudio de caso SERVICIO INTEGRAL DE ATENCIÓN A LA CIUDADANÍA DEL AYUNTAMIENTO DE MÁLAGA como uno de los resultados del proyecto de innovación educativa PIE13/129 de la Universidad de Málaga denominado “Diseño y desarrollo de una propuesta formativa integradora en asignaturas de los Grados de Marketing e Investigación de Mercados y Administración y Dirección de Empresas con la metodología del aprendizaje basado en casos y problemas. En primer lugar se presenta la metodología y los objetivos que se persiguen y a continuación se muestra el desarrollo del caso en sus momentos más importantes, desde la vista Centro de formación del Ayuntamiento de Málaga con la charla de D. Manuel Serrano Canon, Jefe del servicio del Servicio de Calidad y Modernización, hasta la sesión general de discusión del caso en la que intervino como ponente invitado D. Eduardo Padial Morillas, Jefe del Servicio de Atención Integral a la Ciudadanía, y las respuestas de los alumnos a las preguntas planteadas. El video, como recurso educativo, puede utilizarse por los profesores que quieran como complemento y elemento dinamizador en las clases de los grados de Marketing, ADE y ADE más Derecho, en especial en asignaturas del área de organización de empresas y de marketing e investigación de mercados.</subfield>
   </datafield>
   <datafield ind1="8" ind2=" " tag="024">
      <subfield code="a">http://hdl.handle.net/10630/10340</subfield>
   </datafield>
   <datafield tag="653" ind2=" " ind1=" ">
      <subfield code="a">Calidad total</subfield>
   </datafield>
   <datafield tag="653" ind2=" " ind1=" ">
      <subfield code="a">Administración local</subfield>
   </datafield>
   <datafield ind2="0" ind1="0" tag="245">
      <subfield code="a">Servicio de Atención Integral a la Ciudadanía del Ayuntamiento de Málaga</subfield>
   </datafield>
</record>
</metadata></record></GetRecord></OAI-PMH>